000 00442pab a2200181 454500
008 180718b2008 xxu||||| |||| 00| 0 eng d
100 _aVijay Kumar
245 _aOrganised food retailing: a blessing or a curse?
260 _c2008
300 _ap.67-75.
362 _a17 May
650 _aFood supply
700 _aAyush H.N.
700 _aPatwari, Yogesh
773 _aEconomic and Political Weekly
908 _aN
909 _a78192
999 _c78192
_d78192